[Event "Duisburg Grossenbaum op"]
[Site "Duisburg"]
[Date "2006.06.02"]
[Round "1"]
[White "Michels, Rene"]
[Black "Temminghoff, Stefan"]
[Result "1-0"]
[WhiteElo "1511"]
[BlackElo "2016"]
[PlyCount "75"]
[EventDate "2006.06.02"]
[EventType "swiss"]
[EventRounds "7"]
[EventCountry "GER"]
[SourceTitle "EXT 2007"]
[Source "ChessBase"]
[SourceDate "2006.11.23"]
[SourceVersion "1"]
[SourceVersionDate "2006.11.23"]
[SourceQuality "1"]

1. d4 d5 2. c4 e6 3. Nc3 Nf6 4. Bg5 Be7 5. e3 Nbd7 6. Nf3 0-0 7. c5 b6 8. b4 Bb7 9. Bd3 h6 10. Bh4 Ne4 11. Bxe4 dxe4 12. Bxe7 Qxe7 13. Nd2 f5 14. 0-0 Nf6 15. Nc4 Nd5 16. Nxd5 Bxd5 17. Ne5 Qg5 18. h4 Qf6 19. g3 Rad8 20. Qa4 g5 21. h5 f4 22. g4 a5 23. cxb6 cxb6 24. bxa5 bxa5 25. Nd7 Qe7 26. Nxf8 Rxf8 27. Rac1 Qd6 28. Qxa5 fxe3 29. Qc7 exf2+ 30. Rxf2 Qxc7 31. Rxf8+ Kxf8 32. Rxc7 Bxa2 33. Rh7 e3 34. Rxh6 Kf7 35. Rg6 e2 36. Kf2 Bb1 37. Rxg5 Kf6 38. Re5 1-0

[Event "Rheinhausen-ch 10th"]
[Site "Duisburg Rheinhausen"]
[Date "2006.02.03"]
[Round "3.8"]
[White "Michels, Rene"]
[Black "Remek, Uwe"]
[Result "0-1"]
[WhiteElo "1304"]
[BlackElo "1673"]
[PlyCount "56"]
[EventDate "2006.01.06"]
[EventType "swiss"]
[EventRounds "7"]
[EventCountry "GER"]
[SourceTitle "EXT 2007"]
[Source "ChessBase"]
[SourceDate "2006.11.23"]
[SourceVersion "1"]
[SourceVersionDate "2006.11.23"]
[SourceQuality "1"]

1. d4 Nf6 2. c4 e6 3. Nc3 d5 4. cxd5 exd5 5. Bf4 c6 6. Qc2 Bb4 7. f3 0-0 8. 0-0-0 Re8 9. g4 Nbd7 10. Bg2 Bxc3 11. Qxc3 Nb6 12. Qc2 Qe7 13. Re1 Qb4 14. Rd1 Qc4 15. Re1 Qxa2 16. b3 Qa1+ 17. Qb1 Qc3+ 18. Kd1 Qxd4+ 19. Bd2 Re3 20. Nh3 a5 21. Nf2 a4 22. Nd3 axb3 23. Bxe3 Qxe3 24. Qxb3 Nc4 25. Qb4 Ra2 26. h4 Rd2+ 27. Kc1 Rb2+ 28. Qd2 Qxd2# 0-1

[Event "Rheinhausen op"]
[Site "Duisburg"]
[Date "2005.02.11"]
[Round "4"]
[White "Palmowski, Sascha"]
[Black "Michels, Rene"]
[Result "0-1"]
[WhiteElo "1097"]
[BlackElo "1075"]
[PlyCount "132"]
[EventDate "2005.01.07"]
[EventType "swiss"]
[EventRounds "7"]
[EventCountry "GER"]
[SourceTitle "EXT 2006"]
[Source "ChessBase"]
[SourceDate "2005.11.24"]
[SourceVersion "1"]
[SourceVersionDate "2005.11.24"]
[SourceQuality "1"]

1. e4 c5 2. c4 Nc6 3. Nc3 d6 4. Nf3 g6 5. d3 Bg7 6. Bd2 Bg4 7. Be2 e6 8. h3 Bxf3 9. Bxf3 Bxc3 10. Bxc3 Nd4 11. 0-0 Ne7 12. b3 0-0 13. Bxd4 cxd4 14. Re1 d5 15. Qe2 dxc4 16. dxc4 Qa5 17. Red1 Rfd8 18. Qd3 Nc6 19. Qe2 Ne5 20. a3 d3 21. Qe3 Qc3 22. Be2 Qxb3 23. c5 Qc2 24. Rd2 Qc3 25. Bg4 Nc4 26. Qe1 Nxd2 27. Rc1 Qb2 28. f4 Nxe4 29. Rd1 d2 30. Qxe4 Qc1 31. Qxb7 Qxc5+ 32. Kh2 Qxa3 33. Qc6 Qe3 34. Kh1 Rac8 35. Qb7 Rc1 36. h4 Rxd1+ 37. Bxd1 Qe1+ 38. Kh2 Qxh4+ 39. Kg1 Qe1+ 40. Kh2 Qxd1 41. Qe7 Qh5+ 42. Kg3 Rd3+ 43. Kf2 Qh4+ 44. Qxh4 d1Q 45. f5 Rd2+ 46. Kg3 Qe1+ 47. Kg4 Rd4+ 48. Kf3 Qc3+ 49. Kf2 Rd2+ 50. Kg1 Rd1+ 51. Kh2 Qe5+ 52. Qg3 Rh1+ 53. Kxh1 Qxg3 54. fxg6 a5 55. gxh7+ Kxh7 56. Kg1 a4 57. Kf1 a3 58. Ke2 a2 59. Kd2 a1B 60. Ke2 e5 61. Kd2 e4 62. Kc2 e3 63. Kb1 e2 64. Kxa1 e1R+ 65. Ka2 Re2+ 66. Ka1 Qe1# 0-1